| 000 | 00393nam a2200145Ia 4500 | ||
|---|---|---|---|
| 008 | 210210b1971 xxu||||| |||| 00| 0 eng d | ||
| 082 | _a547.06 RAOX | ||
| 100 | _aRAO (S Ramachandra). | ||
| 245 | _aXanthates and related compounds. | ||
| 260 |
_aNew York _bMarcel Dekker _c1971 |
||
| 300 | _avi,504 | ||
| 650 | _aChemistry Xanthates Compounds | ||
| 690 | _aOrganic Chemistry | ||
| 906 | _a031301 | ||
| 999 |
_c82430 _d82430 |
||